Normal view
MARC view
- Defense system management College
Entry Personal Name
001 - CONTROL NUMBER
- control field: 1417
003 - CONTROL NUMBER IDENTIFIER
- control field: NUST
005 - DATE AND TIME OF LATEST TRANSACTION
- control field: 20170525122117.0
008 - FIXED-LENGTH DATA ELEMENTS
- fixed length control field: 170525|| aca||aabn | a|a d
040 ## - CATALOGING SOURCE
- Original cataloging agency: NUST
- Transcribing agency: NUST
100 ## - HEADING--PERSONAL NAME
- Personal name: Defense system management College
670 ## - SOURCE DATA FOUND
- Source citation: Work cat.: (NUST)328509: Defense system management College, System Engineering Fundamentals, c October 1999.
